000 01202nam a2200337 c 4500
003 BLK
005 20240404154214.0
008 180409b bul|||||r ||||||| ||bul||
010 _aKNG00138922000
020 _a978-954-657-779-5
_bиздат.: ПАН
040 _aBLK
041 _aBUL
_cBUL
072 7 _2bullib
_aН85
_xДетска художествена литература Н
080 _aБългарска литература
_b821.163.2
_x-93-34
_z821.163.2-93-34
700 1 _aТанев, Кирил Танев
_eхудож.
_9378444
139 _aПриказки за Зайо Байо
_bП 87
245 1 0 _aПриказки за Зайо Байо
_cхудож. Кирил Танев Танев.
257 _aBGR
260 София
_bПАН
_c2008
_fСофия : Инвестпрес
300 _a16 с.
_bс цв. ил.
_c28 см.
380 _aDX
490 1 _aЛюбими герои
500 _aКор. опис.
659 _aН
852 _aЦб ІІ 17673
856 4 _qpdf
_u
856 4 _qpdf
_u
942 _cKNG
_n0
_012
944 _aCR
_c05.02.2013
_k30551
_lБояна Костадинова
944 _aED
_c14.07.2017
_kПенка_Димитрова
999 _c133033
_d133033